000 00328nam a22001337a 4500
008 171004b xxu||||| |||| 00| 0 eng d
020 _a9780385469319
041 _aeng
080 _a159.9
100 _a48
101 _aPSI
245 _aATTENTION DEFICIT DISORDER AND LEARNING DISABILITIES
_cINGERSOLL,B.D
942 _2udc
_cBK
999 _c31751
_d31751